Statistics for Batfacts: The Batman Quiz

Click here to take the quiz!

General Stats

  • This quiz has been taken 31,390 times
    (21,342 since last reset)
  • The average score is 23 of 31

Answer Stats

Hint Answer % Correct
Alter-egoBruce Wayne
98%
Rogues gallery: Funny ManThe Joker
97%
HometownGotham City
96%
CarBatmobile
96%
SidekickRobin
96%
HideoutBatcave
94%
Rogues gallery: FelineCatwoman
93%
Superhero team{Justice} League
92%
NicknameThe Caped {Crusader}
88%
ButlerAlfred Pennyworth
85%
Rogues gallery: EnigmaThe Riddler
84%
Police CommissionerCommissioner Gordon
82%
Rogues gallery: ColdMr. Freeze
79%
ResidenceWayne Manor
78%
Rogues gallery: BirdThe Penguin
76%
ActorChristian Bale
75%
ActorBen Affleck
71%
Rogues gallery: BackbreakerBane
70%
ActorGeorge Clooney
70%
Rogues gallery: Jekyll & HydeTwo-Face
69%
Rogues gallery: Green thumbPoison Ivy
69%
Searchlight used to summon himBat-Signal
67%
Rogues gallery: FearThe Scarecrow
65%
Gadget holder{Utility} Belt
65%
Throwing weaponBatarang
64%
ActorMichael Keaton
61%
ActorAdam West
59%
Daughter of the aboveBatgirl
58%
ActorVal Kilmer
54%
CEO of Wayne EnterprisesLucius Fox
51%
Rogues gallery: League of ShadowsRa's al Ghul
49%

Score Distribution

Percentile by Number Answered

Percent of People with Each Score

Your Score History

You have not taken this quiz since the last reset